Best Active NBA Centers - Statistics

General Stats
  • This quiz has been taken 56 times
  • The average score is 12 of 15
Answer Stats
Rank Player Team PPG RPG BPG % Correct
#1 DeMarcus Cousins Sacramento Kings 27.0 11.6 1.40
98%
#3 Andre Drummond Detroit Pistons 16.7 14.9 1.43
96%
#2 Brook Lopez Brooklyn Nets 20.6 7.8 1.71
95%
#5 Karl-Anthony Towns Minnesota Timberwolves 18.3 10.3 1.68
93%
#9 DeAndre Jordan Los Angeles Clippers 12.8 13.9 2.32
91%
#4 Hassan Whiteside Miami Heat 14.1 11.8 3.75
88%
#10 Dwight Howard Houston Rockets 13.9 11.9 1.58
80%
#15 Rudy Gobert Utah Jazz 9.2 11.1 2.22
79%
#6 Nikola Vucevic Orlando Magic 17.9 9.0 1.08
77%
#12 Al Horford Atlanta Hawks 15.2 7.1 1.54
73%
#13 Marcin Gortat Washington Wizards 13.4 10.0 1.3
71%
#7 Pau Gasol Chicago Bulls 16.5 11.0 1.96
66%
#8 Jahil Okafor Philadelphia 76ers 17.5 7.0 1.15
61%
#14 Jonas Valanciunas Toronto Raptors 12.7 9.2 1.17
57%
#11 Greg Monroe Milwaukee Bucks 15.5 9.1 0.88
46%
No matching quizzes found
Score Distribution
Percent of People with Each Score
Percentile by Number Answered
Your Score History
You have not taken this quiz